[Event "Gualeguaychu Baggio Cup"]
[Site "Gualeguaychu"]
[Date "2019.11.08"]
[Round "2"]
[White "Manevy, Jorge"]
[Black "Iregui, Victor"]
[Result "0-1"]
[WhiteElo "1499"]
[BlackElo "1836"]
[PlyCount "70"]
[EventDate "2019.11.08"]
[EventType "swiss"]
[EventRounds "6"]
[EventCountry "ARG"]
[SourceTitle "EXT 2021"]
[Source "ChessBase"]
[SourceDate "2020.10.23"]
[SourceVersion "1"]
[SourceVersionDate "2020.10.23"]
[SourceQuality "1"]

1. e4 c5 2. Nf3 Nc6 3. d4 cxd4 4. Nxd4 Nf6 5. Nc3 Qb6 6. Nb3 e6 7. Be3 Qd8 8. Qf3 a6 9. Bd3 Be7 10. Qg3 d6 11. 0-0 Bd7 12. f4 Qc7 13. Rad1 0-0-0 14. Na4 Rdg8 15. Nb6+ Kb8 16. Nxd7+ Nxd7 17. c4 h5 18. Rc1 h4 19. Qf2 h3 20. g3 Nf6 21. Qf3 g5 22. c5 gxf4 23. cxd6 Bxd6 24. Bxf4 Bxf4 25. Qxf4 Qxf4 26. Rxf4 Ng4 27. Bxa6 Nce5 28. Be2 Ne3 29. Nd4 Rc8 30. Rxc8+ Rxc8 31. Kf2 Ng2 32. Rh4 Nxh4 33. gxh4 Rg8 34. Bf1 Ng4+ 35. Kg3 Ne3+ 0-1

[Event "Villaguay Entre Rios Cup"]
[Site "Villaguay"]
[Date "2017.12.17"]
[Round "6"]
[White "Abdenur, Luciano"]
[Black "Iregui, Victor"]
[Result "1-0"]
[WhiteElo "1909"]
[BlackElo "1890"]
[PlyCount "81"]
[EventDate "2017.12.15"]
[EventType "swiss"]
[EventRounds "6"]
[EventCountry "ARG"]
[SourceTitle "EXT 2019"]
[Source "ChessBase"]
[SourceDate "2018.10.10"]
[SourceVersion "1"]
[SourceVersionDate "2018.10.10"]
[SourceQuality "1"]

1. b3 Nf6 2. Bb2 b6 3. f4 Bb7 4. e3 e6 5. Nf3 Be7 6. c4 c5 7. Be2 d6 8. 0-0 0-0 9. Qe1 Nbd7 10. Na3 Rc8 11. Rd1 d5 12. cxd5 exd5 13. Bd3 Ne4 14. Ne5 Nxe5 15. fxe5 f6 16. Bxe4 dxe4 17. Qg3 fxe5 18. Rxf8+ Bxf8 19. Bxe5 Rc6 20. Qf4 Bd6 21. Rf1 Qe7 22. Bxd6 Rxd6 23. Nb5 Rd8 24. Nxa7 h6 25. Rf2 Qd7 26. a4 Bd5 27. Nb5 Bxb3 28. Qxe4 Bd5 29. Qh4 Ra8 30. Nc3 Bb3 31. Qe4 Re8 32. Qg6 Re6 33. Qf5 Rd6 34. Qf8+ Kh7 35. Ne4 Rg6 36. Qb8 Bd5 37. Rf8 Rxg2+ 38. Kxg2 Bxe4+ 39. Kg3 Qc6 40. Rh8+ Kg6 41. Re8 1-0

[Event "Villaguay Entre Rios Cup"]
[Site "Villaguay"]
[Date "2017.12.16"]
[Round "3"]
[White "Rodriguez, Julio"]
[Black "Iregui, Victor"]
[Result "0-1"]
[WhiteElo "1687"]
[BlackElo "1890"]
[PlyCount "116"]
[EventDate "2017.12.15"]
[EventType "swiss"]
[EventRounds "6"]
[EventCountry "ARG"]
[SourceTitle "CBM 182 Extra"]
[Source "ChessBase"]
[SourceDate "2018.02.23"]
[SourceVersion "1"]
[SourceVersionDate "2018.02.23"]
[SourceQuality "1"]

1. e4 c5 2. d3 e6 3. Be3 Nc6 4. Ne2 d5 5. exd5 exd5 6. Nd2 Nf6 7. h3 Be7 8. g4 0-0 9. Bg2 d4 10. Bf4 Be6 11. 0-0 Nd5 12. Bh2 f5 13. gxf5 Bxf5 14. Ng3 Be6 15. Qe2 Qd7 16. Rae1 Bxh3 17. Bxh3 Qxh3 18. Qe6+ Qxe6 19. Rxe6 Nf4 20. Re4 Bd6 21. Nc4 Bc7 22. Nh1 Nh3+ 23. Kg2 Bxh2 24. Kxh2 Ng5 25. Rg4 Nf3+ 26. Kg2 Nfe5 27. Nxe5 Nxe5 28. Rg5 Nd7 29. Ng3 b6 30. Rh1 Rf7 31. Nf5 Kh8 32. Nh4 Re8 33. Rh5 Nf6 34. Rg5 Kg8 35. Nf5 Rd7 36. Kf1 Kf8 37. Rhg1 g6 38. Ng3 Rde7 39. Kg2 Re1 40. Rf1 Rxf1 41. Kxf1 Kf7 42. Ne2 h6 43. Rg3 g5 44. Rf3 Kg6 45. Rg3 h5 46. a4 g4 47. Nf4+ Kg5 48. Ne2 h4 49. Rg1 Nh5 50. Rh1 Rf8 51. Ke1 Nf4 52. Ng1 h3 53. f3 Rh8 54. Kf2 h2 55. Ne2 Nxe2 56. Kxe2 g3 57. Kf1 Kf4 58. Kg2 Re8 0-1

[Event "Villaguay Entre Rios Cup"]
[Site "Villaguay"]
[Date "2017.12.15"]
[Round "2"]
[White "Iregui, Victor"]
[Black "Perez, Daniel"]
[Result "0-1"]
[WhiteElo "1890"]
[BlackElo "2112"]
[PlyCount "62"]
[EventDate "2017.12.15"]
[EventType "swiss"]
[EventRounds "6"]
[EventCountry "ARG"]
[SourceTitle "CBM 182 Extra"]
[Source "ChessBase"]
[SourceDate "2018.02.23"]
[SourceVersion "1"]
[SourceVersionDate "2018.02.23"]
[SourceQuality "1"]

1. d4 Nf6 2. Nf3 d5 3. c4 c6 4. g3 Bf5 5. Nbd2 e6 6. Bg2 h6 7. 0-0 Nbd7 8. Re1 Be7 9. b3 0-0 10. Bb2 Ne4 11. a3 a5 12. Ne5 Nxd2 13. Qxd2 Nxe5 14. dxe5 Qb6 15. Qc3 d4 16. Qf3 Bc2 17. Qg4 c5 18. Bc1 Bg6 19. Qf3 a4 20. bxa4 Rxa4 21. e4 Rxc4 22. Bf4 Rc3 23. Qd1 d3 24. Rb1 Qc6 25. Rb3 Rxb3 26. Qxb3 c4 27. Qc3 b5 28. f3 Bc5+ 29. Kh1 Ra8 30. Bc1 Qa6 31. f4 Qa5 0-1

[Event "Entrerriano-ch"]
[Site "Argentina"]
[Date "2017.09.24"]
[Round "5"]
[White "Gonzalez, Rodolfo"]
[Black "Iregui, Victor"]
[Result "1/2-1/2"]
[WhiteElo "1715"]
[BlackElo "1907"]
[PlyCount "63"]
[EventDate "2017.09.22"]
[EventType "swiss"]
[EventRounds "6"]
[EventCountry "ARG"]
[SourceTitle "CBM 180 Extra"]
[Source "ChessBase"]
[SourceDate "2017.10.06"]
[SourceVersion "1"]
[SourceVersionDate "2017.10.06"]
[SourceQuality "1"]

1. d4 f5 2. Nf3 Nf6 3. Bf4 g6 4. e3 Bg7 5. c3 0-0 6. Nbd2 b6 7. Bd3 Bb7 8. h3 h6 9. Ne5 Kh7 10. Qc2 e6 11. Rg1 d6 12. Nef3 Qe8 13. g4 Kh8 14. g5 hxg5 15. Nxg5 e5 16. dxe5 dxe5 17. Bh2 Nbd7 18. Bc4 Bd5 19. Bxd5 Nxd5 20. 0-0-0 N7f6 21. Kb1 b5 22. e4 fxe4 23. Ndxe4 Nxe4 24. Qxe4 Nf4 25. Rg4 Bh6 26. Bxf4 Rxf4 27. Rxf4 exf4 28. Qd4+ Kg8 29. h4 Bxg5 30. hxg5 Qe6 31. Qxf4 Rf8 32. Qh4 1/2-1/2

[Event "Entrerriano-ch"]
[Site "Argentina"]
[Date "2017.09.22"]
[Round "1"]
[White "Garbarino, Federico"]
[Black "Iregui, Victor"]
[Result "1/2-1/2"]
[WhiteElo "1620"]
[BlackElo "1907"]
[PlyCount "85"]
[EventDate "2017.09.22"]
[EventType "swiss"]
[EventRounds "6"]
[EventCountry "ARG"]
[SourceTitle "CBM 180 Extra"]
[Source "ChessBase"]
[SourceDate "2017.10.06"]
[SourceVersion "1"]
[SourceVersionDate "2017.10.06"]
[SourceQuality "1"]

1. e4 c5 2. Nf3 Nc6 3. Bb5 Na5 4. c3 a6 5. Be2 b5 6. a4 c4 7. axb5 axb5 8. d3 Bb7 9. dxc4 bxc4 10. Nbd2 e6 11. Ne5 Nf6 12. Nexc4 Nxc4 13. Rxa8 Bxa8 14. Bxc4 Nxe4 15. 0-0 Nf6 16. Be2 Be7 17. Bf3 0-0 18. Bxa8 Qxa8 19. Nf3 d5 20. Re1 Qb7 21. Qc2 Rb8 22. b4 Rc8 23. Qb2 Ne4 24. Bd2 Bf6 25. Nd4 Bxd4 26. cxd4 Nxd2 27. Qxd2 Rc4 28. Rb1 Qb6 29. Qa2 h6 30. b5 Qxb5 31. Rd1 Qb4 32. Qa1 Qc3 33. Qxc3 Rxc3 34. g3 Kf8 35. Kf1 Ke7 36. Ke2 Kf6 37. Ra1 g6 38. Kd2 Rb3 39. Ra6 Kf5 40. Ra7 f6 41. Ra1 e5 42. dxe5 fxe5 43. h4 1/2-1/2

[Event "URU-chTA"]
[Site "Montevideo"]
[Date "2016.09.23"]
[Round "1.54"]
[White "Iregui, Victor"]
[Black "Barandiaran, Gabriel"]
[Result "0-1"]
[WhiteElo "1978"]
[BlackElo "1860"]
[PlyCount "90"]
[EventDate "2016.09.23"]
[EventType "team-swiss"]
[EventRounds "5"]
[EventCountry "URU"]
[SourceTitle "EXT 2018"]
[Source "ChessBase"]
[SourceDate "2017.10.13"]
[SourceVersion "1"]
[SourceVersionDate "2017.10.13"]
[SourceQuality "1"]

1. e4 e5 2. Nf3 Nc6 3. Bb5 a6 4. Ba4 Nf6 5. d3 b5 6. Bb3 Be7 7. 0-0 0-0 8. a4 Bb7 9. Re1 d6 10. c3 Na5 11. Bc2 c5 12. Nbd2 Re8 13. Nf1 Bf8 14. Ng3 g6 15. h3 Bg7 16. Bg5 Qc7 17. Qd2 Rac8 18. Rac1 c4 19. axb5 axb5 20. d4 Ra8 21. Bh6 Bc8 22. Bxg7 Kxg7 23. Nh4 h6 24. f4 Nb7 25. Qf2 Qe7 26. fxe5 dxe5 27. dxe5 Qxe5 28. Nf3 Qc5 29. Nd4 Qe5 30. Rf1 Bd7 31. Rce1 Ra6 32. Nge2 Re7 33. Nf3 Qc7 34. Ned4 Nh5 35. e5 Nc5 36. Re3 Nf4 37. Nh4 Nfd3 38. Qg3 Kh7 39. Ref3 Be8 40. Re3 Nxe5 41. Rfe1 f6 42. Nxb5 Qb7 43. Nxg6 Bxg6 44. Bxg6+ Nxg6 45. Qxg6+ Kxg6 0-1

[Event "ARG-ch 79th"]
[Site "Buenos Aires"]
[Date "2004.09.24"]
[Round "1"]
[White "Soppe, Guillermo"]
[Black "Iregui, Victor"]
[Result "1-0"]
[WhiteElo "2409"]
[BlackElo "2114"]
[PlyCount "43"]
[EventDate "2004.09.24"]
[EventType "swiss"]
[EventRounds "9"]
[EventCountry "ARG"]
[SourceTitle "CBM 102 Extra"]
[Source "ChessBase"]
[SourceDate "2004.11.03"]
[SourceVersion "1"]
[SourceVersionDate "2004.11.03"]
[SourceQuality "1"]

1. d4 Nf6 2. Bg5 e6 3. e4 h6 4. Bxf6 gxf6 5. Nc3 c6 6. Qf3 d5 7. 0-0-0 Nd7 8. Nge2 Nb6 9. Nf4 Be7 10. Kb1 a5 11. g4 a4 12. a3 Ra5 13. Nh5 Rg8 14. h3 Rg5 15. Be2 Nd7 16. Qe3 Bf8 17. f4 Rg8 18. exd5 cxd5 19. Bb5 Rxb5 20. Nxb5 Qb6 21. Nc3 Bxa3 22. Nxa4 1-0

[Event "American Continental 02nd"]
[Site "Buenos Aires"]
[Date "2003.08.29"]
[Round "11"]
[White "Benko, Francisco"]
[Black "Iregui, Victor"]
[Result "1/2-1/2"]
[WhiteElo "2142"]
[BlackElo "2151"]
[PlyCount "23"]
[EventDate "2003.08.17"]
[EventType "swiss"]
[EventRounds "11"]
[EventCountry "ARG"]
[SourceTitle "CBM 097"]
[Source "ChessBase"]
[SourceDate "2003.11.11"]
[SourceVersion "1"]
[SourceVersionDate "2003.11.11"]
[SourceQuality "1"]

1. e4 c5 2. Nc3 Nc6 3. g3 e6 4. Bg2 Nf6 5. f4 d5 6. e5 Nd7 7. d3 a6 8. Nf3 b5 9. Ne2 Bb7 10. 0-0 Be7 11. c3 d4 12. Nd2 1/2-1/2

[Event "American Continental 02nd"]
[Site "Buenos Aires"]
[Date "2003.08.17"]
[Round "1"]
[White "Iregui, Victor"]
[Black "Crosa Coll, Martin"]
[Result "0-1"]
[WhiteElo "2151"]
[BlackElo "2412"]
[PlyCount "86"]
[EventDate "2003.08.17"]
[EventType "swiss"]
[EventRounds "11"]
[EventCountry "ARG"]
[SourceTitle "CBM 097"]
[Source "ChessBase"]
[SourceDate "2003.11.11"]
[SourceVersion "1"]
[SourceVersionDate "2003.11.11"]
[SourceQuality "1"]

1. Nf3 Nf6 2. b3 g6 3. Bb2 Bg7 4. c4 0-0 5. e3 d6 6. d4 Nbd7 7. Be2 Ne4 8. Nbd2 f5 9. Nxe4 fxe4 10. Nd2 Nf6 11. 0-0 c6 12. d5 e6 13. dxc6 bxc6 14. c5 d5 15. b4 Bd7 16. Nb3 Qc7 17. Qd2 e5 18. a4 Rfd8 19. f4 exf3 20. Bxf3 Bf5 21. Qe1 Rab8 22. Qg3 Ne4 23. Bxe4 Bxe4 24. Bc3 Qe7 25. Rac1 Qe6 26. Na5 Re8 27. Rfe1 Rf8 28. Nb3 Rbe8 29. Nd2 Bd3 30. Nf3 Qf5 31. h3 Re7 32. b5 cxb5 33. c6 Rc8 34. axb5 Bxb5 35. Bb4 Re6 36. Rc5 Qd3 37. Rec1 Rcxc6 38. Ng5 Rxc5 39. Rxc5 Qf1+ 40. Kh2 Re8 41. Rc7 Bd3 42. Bd6 Qf6 43. Qh4 h6 0-1